Product management: value quality cost price profits and organization (Record no. 171024)
[ view plain ]
| 000 -LEADER | |
|---|---|
| fixed length control field | 00646nam a2200217Ia 4500 |
| 003 - CONTROL NUMBER IDENTIFIER | |
| control field | OSt |
| 005 - DATE AND TIME OF LATEST TRANSACTION | |
| control field | 20230504162914.0 |
| 008 - FIXED-LENGTH DATA ELEMENTS--GENERAL INFORMATION | |
| fixed length control field | 210423s2011 xx 000 0 und d |
| 020 ## - INTERNATIONAL STANDARD BOOK NUMBER | |
| International Standard Book Number | 978-0-412-31970-5 |
| 040 ## - CATALOGING SOURCE | |
| Transcribing agency | AL |
| 041 ## - LANGUAGE CODE | |
| Language code of text/sound track or separate title | eng |
| 082 ## - DEWEY DECIMAL CLASSIFICATION NUMBER | |
| Classification number | 658.5 |
| Edition number | 23 |
| Item number | COOP |
| 100 ## - MAIN ENTRY--PERSONAL NAME | |
| Personal name | COOK (H E) |
| 9 (RLIN) | 97977 |
| 245 ## - TITLE STATEMENT | |
| Title | Product management: value quality cost price profits and organization |
| 260 ## - PUBLICATION, DISTRIBUTION, ETC. | |
| Place of publication, distribution, etc. | New York |
| Name of publisher, distributor, etc. | Chapman & Hall |
| Date of publication, distribution, etc. | 2011 |
| 300 ## - PHYSICAL DESCRIPTION | |
| Extent | xix,411 |
| Other physical details | PB |
| 365 ## - TRADE PRICE | |
| Price amount | 595 |
| Currency code | INR |
| 650 ## - SUBJECT ADDED ENTRY--TOPICAL TERM | |
| Topical term or geographic name entry element | Production Management |
| 9 (RLIN) | 97978 |
| 906 ## - LOCAL DATA ELEMENT F, LDF (RLIN) | |
| a | cost ; management: ; organization ; price ; Product ; profits ; quality ; value |
| 942 ## - ADDED ENTRY ELEMENTS (KOHA) | |
| Source of classification or shelving scheme | Dewey Decimal Classification |
| Koha item type | Book |
| Withdrawn status | Lost status | Damaged status | Not for loan | Collection code | Home library | Current library | Date acquired | Source of acquisition | Cost, normal purchase price | Total Checkouts | Full call number | Barcode | Date last seen | Price effective from | Koha item type |
|---|---|---|---|---|---|---|---|---|---|---|---|---|---|---|---|
| MCom Finance & Analytics | St Aloysius PG Library | St Aloysius PG Library | 03/17/2021 | Biblios Book Point | 595.00 | 658.5 COOP | PG017526 | 08/24/2022 | 04/26/2021 | Book |